The structure of scientific revolutions (Record no. 7385)
[ view plain ]
| 000 -LEADER | |
|---|---|
| fixed length control field | 01066 a2200217 4500 |
| 020 ## - INTERNATIONAL STANDARD BOOK NUMBER | |
| International Standard Book Number | 0226458075 |
| 020 ## - INTERNATIONAL STANDARD BOOK NUMBER | |
| International Standard Book Number | 0226458083 |
| 040 ## - CATALOGING SOURCE | |
| Original cataloging agency | DLC |
| Language of cataloging | DLC |
| 082 00 - DEWEY DECIMAL CLASSIFICATION NUMBER | |
| Classification number | 501 |
| 100 1# - MAIN ENTRY--PERSONAL NAME | |
| Personal name | Kuhn, Thomas S. |
| 245 14 - TITLE STATEMENT | |
| Title | The structure of scientific revolutions |
| Statement of responsibility, etc. | Thomas S. Kuhn. |
| 250 ## - EDITION STATEMENT | |
| Edition statement | 3rd ed. |
| 260 ## - PUBLICATION, DISTRIBUTION, ETC. | |
| Place of publication, distribution, etc. | Chicago [Ill.] : |
| Name of publisher, distributor, etc. | University of Chicago Press, |
| Date of publication, distribution, etc. | 1996. |
| 300 ## - PHYSICAL DESCRIPTION | |
| Extent | xiv, 212 p. ; |
| Dimensions | 22 cm. |
| 505 0# - FORMATTED CONTENTS NOTE | |
| Formatted contents note | Introduction: a role for history -- The route to normal science -- The nature of normal science -- Normal science as puzzle-solving -- The priority of paradigms -- Anomaly and the emergence of scientific discoveries --Crisis and the emergence of scientific theories -- The response to crisis --The nature and necessity of scientific revolutions -- Revolutions as changes of world view -- The invisibility of revolutions -- The resolutions of revolutions-- Progress through revolutions. |
| 650 #0 - SUBJECT ADDED ENTRY--TOPICAL TERM | |
| Topical term or geographic name entry element | Science |
| General subdivision | Philosophy. |
| 650 #0 - SUBJECT ADDED ENTRY--TOPICAL TERM | |
| Topical term or geographic name entry element | Science |
| General subdivision | History. |
| 650 #0 - SUBJECT ADDED ENTRY--TOPICAL TERM | |
| Topical term or geographic name entry element | Science |
| General subdivision | history. |
| 650 #0 - SUBJECT ADDED ENTRY--TOPICAL TERM | |
| Topical term or geographic name entry element | Philosophy |
| General subdivision | history. |
| 942 ## - ADDED ENTRY ELEMENTS (KOHA) | |
| Koha item type | Book |
| Call number prefix | 501 KUH |
| Source of classification or shelving scheme | |
| Withdrawn status | Lost status | Damaged status | Not for loan | Collection code | Permanent Location | Current Location | Shelving location | Date acquired | Source of acquisition | Cost, normal purchase price | Total Checkouts | Total Renewals | Full call number | Barcode | Date last seen | Date last checked out | Price effective from | Koha item type |
|---|---|---|---|---|---|---|---|---|---|---|---|---|---|---|---|---|---|---|
| Central Library (CL) | Central Library (CL) | General Stacks | 05/12/2005 | Progressive International Agencies | 1761.46 | 5 | 2 | 501 KUH | SEECS005676 | 11/17/2023 | 11/10/2023 | 01/05/2017 | Book |
